000 00667nam a2200217 a 4500
001 49496
003 BD-RjUL
005 20211209054704.0
008 700820s1968 nyuac b 000 0 eng
035 _a(BD-RjUL)49615
040 _aBD-RjUL
_beng
_cLC
_dBD-RjUL
041 _aeng
082 0 4 _a358.400951
_223
_bBUC 1968
100 1 _aBueschel, Richard M.
_9148508
245 1 0 _aCommunist Chinese air power
_c[by] Richard M. Bueschel.
260 _aNew York,
_bPraeger
_c[1968]
300 _aviii, 238 p.
_billus., ports.
_c22 cm.
504 _aBibliography: p. 217-227.
610 1 0 _aChina.
_bChung-kuo jen min chieh fang chun.
_bK`ung chun.
_9148509
942 _2ddc
_cBK
999 _c49496
_d49496